LEADER 01114nam a2200265 u 4500 001 000000017456 003 CaOOAMICUS 005 20070226110116.0 008 940517s1953 it u000 u ita u 035 $a10407782 040 $aPUL(R)$bita 041 1 $aita$hfre 245 02$aL'inferno /$cdi Gustave Bardy ... [et al.] ; [trad. di Domenico Tenderini]. 260 $aBrescia :$bMorcelliana,$c1953. 300 $a247 p. ;$c20 cm 650 4$aInferno.$0(OLS)http://pul/subject/12263 700 1 $aTenderini, Domenico.$0(OLS)http://pul/name/15705 700 1 $aBardy, Gustave,$csac.,$d1881-1955.$0(OLS)http://pul/name/1937 850 $aPUL 852 $aPUL$W1$xDP1 Fondo Giannini$y60$m1555 C 20$j24604$nBK-PRI$b $qFondi$B24604$CPULBib$Z2$F24604 $H $81 852 $aPUL$W1$xDP1 Fondo Cecchetti$y53$m286 E 30$j24605$n $b $qFondi$B24605$CPULBib$Z2$F24605 $H $81 941 1 $a1 961 $aINV: Fondo Giannini 996 $6245$aL'inferno$9(OLS)http://pul/title/24988 996 $6260$aBrescia :$bMorcelliana$9(OLS)http://pul/publisher/47854 LEADER 01380nam a2200289 u 4500 001 000000080119 003 CaOOAMICUS 005 20070226123618.0 008 040625s2003 gw u000 u ger u 020 $a3579054112 035 $a11001952 040 $aPUL$bita 100 1 $aMokrosch, Reinhold.$0(OLS)http://pul/name/48592 245 10$aDietrich Bonhoeffers Ethik :$bein Arbeitsbuch für Schule, Gemeinde und Studium /$cReinhold Mokrosch, Friedrich Johannsen, Christian Gremmels. 260 $aGütersloh :$bChr. Kaiser :$bGütersloher Verlagshaus,$cc2003. 300 $a259 p. ;$c21 cm 500 $aContiene indici. 600 14$aBonhoeffer, Dietrich,$d1906-1945.$0(OLS)http://pul/subject/2560 650 4$aEtica$xSaggi critici.$0(OLS)http://pul/subject/27424 700 1 $aGremmels, Christian,$d1941-$0(OLS)http://pul/name/32641 700 1 $aJohannsen, Friedrich.$0(OLS)http://pul/name/53394 850 $aPUL 852 $aPUL$W1$xSL Filosofia 3$y81$m170 MOKRE 1$j102366$nBK-PRI$b $qDDC 21$B102366$CPULBib$Z2$F102366 $HPUL91008 $81 941 1 $a9 996 $6020$a3579054112$9(OLS)http://pul/number/105756 996 $6245$aDietrich Bonhoeffers Ethik :$bein Arbeitsbuch für Schule, Gemeinde und Studium$9(OLS)http://pul/title/104946 996 $6260$aGütersloh :$bChr. Kaiser :$bGütersloher Verlagshaus$9(OLS)http://pul/publisher/75785